UBT Library

A dictionary of named effects and laws in chemistry, physics, and mathematics (Record no. 44821)

000 -LEADER
fixed length control field 00659cam a22002171 4500
001 - CONTROL NUMBER
control field 9367621
005 - DATE AND TIME OF LATEST TRANSACTION
control field 20180313045432.0
008 - FIXED-LENGTH DATA ELEMENTS--GENERAL INFORMATION
fixed length control field 711203s1961 nyua 000 0 eng
010 ## - LIBRARY OF CONGRESS CONTROL NUMBER
LC control number 61001620
035 ## - SYSTEM CONTROL NUMBER
System control number (OCoLC)178262
040 ## - CATALOGING SOURCE
Original cataloging agency DLC
Transcribing agency OAU
Modifying agency OCoLC
-- DLC
041 ## - LANGUAGE CODE
Language code of text/sound track or separate title eng
080 ## - UNIVERSAL DECIMAL CLASSIFICATION NUMBER
Universal Decimal Classification number 53 WAL
082 ## - DEWEY DECIMAL CLASSIFICATION NUMBER
Classification number 53 WAL
100 1# - Rafti
Rafti 43
101 ## - Shkurtesa
Shkurtesa FIZ
245 02 - TITLE STATEMENT
Title A dictionary of named effects and laws in chemistry, physics, and mathematics
Statement of responsibility, etc [by] D. W. G. Ballentyne and L. E. Q. Walker.
740 0# - ADDED ENTRY--UNCONTROLLED RELATED/ANALYTICAL TITLE
Uncontrolled related/analytical title Named effects and laws in chemistry, physics, and mathematics.
906 ## - LOCAL DATA ELEMENT F, LDF (RLIN)
a 7
b cbc
c oclcrpl
d u
e ncip
f 19
g y-gencatlg
942 ## - ADDED ENTRY ELEMENTS (KOHA)
Source of classification or shelving scheme
Item type Books
Holdings
Withdrawn status Lost status Source of classification or shelving scheme Damaged status Not for loan Collection code Permanent location Current location Shelving location Date acquired Total Checkouts Full call number Barcode Date last seen Price effective from Koha item type
          Koleksioni i përgjithshem UBT - Lipjan UBT - Lipjan Koleksioni i përgjithshem 03/13/2018   53 WAL 002-3002119 03/13/2018 03/13/2018 Books
UBT Library © 2015-2024. All rights reserved University Education for Business and Technology